000 01268nam a2200313 i 4500
003 EG-GICUC
005 20260423072150.0
008 260423s1928 fr ||||fr|||| 000 0 fre d
040 _aEG-GiCUC
_bfre
_cEG-GiCUC
_dEG-GiCUC
_eRda
041 0 _afre
082 0 4 _221
_a343.37
_bHE . P
092 0 4 _221
099 _aLaw1 10 343.37 HE . P 4 ed - 1928
100 1 _aHélie, Faustin
_eAuteur
245 1 0 _aPratique criminelle des cours et tribunaux :
_brésumé de la jurisprudence sur les codes d’instruction criminelle et pénal et sur les principales lois qui s’y rapportent.
_nPremière partie ,
_pCode d’instruction criminelle /
_cpar Faustin Hélie, refondu et mis à jour par Joseph Depeiges.
250 _aQuatrième édition.
264 1 _aParis :
_bLibrairie des Juris-Classeurs, Éditions Godde,
_c1928.
300 _a1022 page ;
_c 24 cm.
_billustration ;
336 _2rda contenu
_a texte
337 _2rda medias
_aOrdinateur
338 _2 transporteur rda
_a Ressource en ligne
504 _aComprend des références bibliographiques.
546 _aTexte en français
650 1 4 _aDroit pénal
_2qrmak
651 1 _2qrmak
856 4 0 _uhttps://fll.law.cu.edu.eg/fulltext/bks/B10-08980.pdf
905 _a74
942 _2ddc
_n0
_cBK
_e21
999 _c72940
_d72940